000 00974cam a2200253 a 4500
001 4908140
005 20241213112252.0
008 941021s1995 ilu bd 001 0 eng
020 _a0830814086
020 _a0851106501
050 0 0 _aBJ1199
_b.N495 1995
082 0 0 _a241/.03
_220
245 0 0 _aNew dictionary of Christian ethics & pastoral theology /
_ceditors, David J. Atkinson, David H. Field ; consulting editors, Arthur F. Holmes, Oliver O'Donovan.
260 _aDowners Grove, Ill. :
_bInterVarsity Press,
_cc1995.
300 _axxiii, 918 p. ;
_c27 cm.
650 0 _aChristian ethics
_xDictionaries.
650 0 _aPastoral theology
_xDictionaries.
700 1 _aAtkinson, David John,
_d1943-
700 1 _aField, David,
_d1936-
700 1 _aHolmes, Arthur F.
_q(Arthur Frank),
_d1924-2011.
700 1 _aO'Donovan, Oliver.
856 4 2 _3Contributor biographical information
_uhttp://www.loc.gov/catdir/enhancements/fy1007/94040802-b.html
942 _2lcc
_cBK
_n0
999 _c2134
_d2134